[Event "DESC V0043 email"]
[White "Martini, Michael"]
[Black "Heinrich, Joerg"]
[Site "DESC email"]
[Round "?"]
[Result "1-0"]
[Date "2000.05.17"]
[WhiteElo "1200"]
[BlackElo "1200"]
[PlyCount "129"]
[EventDate "2000.??.??"]
[EventType "tourn (corr)"]
[EventRounds "6"]
[EventCountry "GER"]
[SourceTitle "Corr 2004"]
[Source "ChessBase"]
[SourceDate "2003.04.28"]
[SourceVersion "3"]
[SourceVersionDate "2003.04.28"]
[SourceQuality "1"]

1. e4 e5 2. Nf3 Nc6 3. Bb5 a6 4. Bxc6 dxc6 5. 0-0 Bc5 6. Nxe5 Nf6 7. d3 Bd4 8. Nf3 Bg4 9. Nbd2 Qd6 10. Nc4 Qc5 11. c3 Bxf2+ 12. Rxf2 Qh5 13. Bf4 0-0-0 14. Qf1 Rhe8 15. Nce5 h6 16. h3 Bxf3 17. Nxf3 Nd7 18. g4 Qg6 19. Nh4 Qh7 20. Bh2 f6 21. Nf5 g6 22. Nh4 h5 23. Rg2 Nc5 24. Rd1 Qd7 25. Qxf6 Re6 26. Qf2 Qe7 27. gxh5 Nxe4 28. Qa7 Nxc3 29. Rf1 Nb5 30. Qf2 gxh5 31. Ng6 Qe8 32. Nf8 Re7 33. Kh1 Nd4 34. Ng6 Re2 35. Qg3 Qd7 36. Rxe2 Nxe2 37. Qf3 Nd4 38. Qxh5 Kb8 39. Nf8 Qc8 40. Rf7 Nb5 41. Qf3 Nd6 42. Bxd6 Rxd6 43. Kh2 Rd8 44. b4 Rd4 45. a3 Rd5 46. Qg3 Rd6 47. Ng6 Rd8 48. Qf3 Qe6 49. Rf8 Rxf8 50. Qxf8+ Ka7 51. Qf2+ Kb8 52. Nf4 Qb3 53. Kg3 Qxa3 54. Qd4 Qb3 55. h4 Qg8+ 56. Kf3 Qf8 57. h5 Ka8 58. Kg4 Kb8 59. Ng6 Qf7 60. Qd8+ Ka7 61. Qe7 Qb3 62. Ne5 Qg8+ 63. Kf5 Qh8 64. Kg6 Qg8+ 65. Qg7 1-0